000 01217nam0a22003011 4500
001 rc\4546401
005 20130416183343.9
021 _aRU
_b97-ВП-5120/16
035 _a(NLR Aleph) 008362819
090 _a9009034
_c9009034
100 _a20130416d1958 |||y0rusy50 ca
101 0 _arus
102 _aRU
105 _aa z |||||
200 1 _aЛабораторные работы по курсу спецэлектротехники
_fПод общ. ред. доц., канд. техн. наук А.С. Сафонова
_gЧерноморск. высш. воен.-мор. училище им. П.С. Нахимова
210 _aСевастополь
_cБ. и.
_d1958
215 _a188 с.
_cил.
_d22
300 _aПеред загл. авт.: А.С. Сафонов, Г.П. Ненашев, Б.А. Пиотух, В.К. Чижавко
320 _aБиблиогр. в конце глав
701 1 _aПиотух
_bБ. А.
701 1 _aНенашев
_bГ. П.
701 1 _aСафонов
_bА. С.
_gАлександр Сергеевич
_4340
701 1 _aЧижавко
_bВ. К.
801 0 _aRU
_bNLR
_gpsbo
801 1 _aRU
_bELAR
_2rusmarc
852 _aNLR
_j58-5/3388
942 _cBOOK
980 _aNB